00449nam a2200181Ia 4500003000400000005001700004008004100021020001800062040000700080041001200087082001700099100001500116245004200131260004200173300001800215365001400233650002000247OSt20251025152257.0210423s2019 xx 000 0 und d a9789382629467 cAL aEnglish a361.1 bKHAM aAhmed Khan aModern sociological problems in India aJaipurbIshika Publishing Housec2019 aviii, 256bHB b1495cINR aSocial Problems